United States Professional Soccer Teams - Statistics

General Stats
  • This quiz has been taken 28 times
  • The average score is 28 of 84
Answer Stats
Hint Answer % Correct
Major League Soccer Seattle Sounders FC
88%
Major League Soccer Chicago Fire
81%
Major League Soccer Inter Miami CF
81%
Major League Soccer LA Galaxy
81%
Major League Soccer Los Angeles FC
75%
Major League Soccer New York Red Bulls
75%
Major League Soccer Portland Timbers
75%
Major League Soccer Toronto FC
75%
Major League Soccer Vancouver Whitecaps FC
75%
Major League Soccer Columbus Crew SC
69%
Major League Soccer D.C. United
69%
Major League Soccer FC Dallas
63%
Major League Soccer Houston Dynamo
63%
Major League Soccer Minnesota United FC
63%
Major League Soccer Atlanta United FC
56%
Major League Soccer FC Cincinnati
56%
Major League Soccer Montreal Impact
56%
Major League Soccer New York City FC
56%
Major League Soccer Sporting Kansas City
56%
Major League Soccer Colorado Rapids
50%
Major League Soccer Nashville SC
50%
Major League Soccer New England Revolution
50%
Major League Soccer Philadelphia Union
50%
Major League Soccer San Jose Earthquakes
50%
Major League Soccer Orlando City SC
44%
Major League Soccer Real Salt Lake
44%
USL Championship Saint Louis FC
44%
USL Championship Indy Eleven
38%
USL Championship Louisville City FC
38%
USL Championship Sacramento Republic FC
38%
USL Championship Colorado Springs Switchbacks FC
31%
NISA Detroit City FC
31%
USL Championship Miami FC
31%
NISA New York Cosmos
31%
USL Championship Orange County SC
31%
USL Championship San Antonio FC
31%
USL Championship Tampa Bay Rowdies
31%
USL Championship New Mexico United
25%
USL Championship New York Red Bulls II
25%
USL League One Orlando City B
25%
USL Championship Philadelphia Union II
25%
USL Championship Phoenix Rising FC
25%
USL Championship Pittsburgh Riverhounds SC
25%
USL Championship Sporting Kansas City II
25%
USL Championship Tacoma Defiance
25%
USL League One Toronto FC II
25%
USL Championship Atlanta United 2
19%
USL Championship Austin Bold FC
19%
USL Championship Charleston Battery
19%
USL Championship Charlotte Independence
19%
USL League One Chattanooga Red Wolves SC
19%
USL League One Forward Madison FC
19%
USL Championship Hartford Athletic
19%
USL Championship LA Galaxy II
19%
USL Championship Loudoun United FC
19%
USL Championship Memphis 901 FC
19%
USL League One New England Revolution II
19%
USL Championship North Carolina FC
19%
NISA Oakland Roots SC
19%
USL Championship Portland Timbers 2
19%
USL Championship Real Monarchs
19%
USL Championship San Diego Loyal SC
19%
USL League One Union Omaha
19%
USL Championship Birmingham Legion FC
13%
NISA California United Strikers FC
13%
NISA Chattanooga FC
13%
USL Championship El Paso Locomotive FC
13%
USL League One FC Tucson
13%
USL Championship FC Tulsa
13%
USL League One Fort Lauderdale CF
13%
USL League One Greenville Triumph SC
13%
USL Championship Las Vegas Lights FC
13%
NISA Los Angeles Force
13%
NISA Michigan Stars FC
13%
NISA New Amsterdam FC
13%
NISA New Jersey Teamsters FC
13%
USL League One North Texas SC
13%
USL Championship Reno 1868 FC
13%
USL League One Richmond Kickers
13%
NISA San Diego 1904 FC
13%
USL League One South Georgia Tormenta FC
13%
USL Championship OKC Energy FC
6%
USL Championship Rio Grande Valley FC Toros
6%
NISA Stumptown Athletic
6%
No matching quizzes found
Score Distribution
Percent of People with Each Score
Percentile by Number Answered
Your Score History
You have not taken this quiz